On This Day (September 11th) Multiple Choice - Statistics

General Stats
  • This quiz has been taken 40 times
  • The average score is 4 of 15
Answer Stats
Question Answer % Correct
2001 – The fourth plane involved in the September 11 terrorist attacks lands in a field near which Pennsylvania town ? Shanksville
75%
1914 – World War I: Which nation invades German New Guinea, defeating a German contingent at the Battle of Bita Paka ? Australia
50%
1989 – Hungary announces that the refugees who had been housed in temporary camps were free to leave. They were refugees from which country ? East Germany
50%
1709 – Battle of Malplaquet: Great Britain, Netherlands and Austria fight against which nation ? France
50%
1954 – Hurricane Edna hits which area of North America as a Category 2 hurricane, causing significant damage and 29 deaths ? New England
50%
1789 – Alexander Hamilton is appointed the first United States Secretary of what ? Treasury
50%
1390 – The Teutonic Knights begin a five-week siege of which city ? Vilnius
50%
1226 – The first recorded instance of the Catholic practice of perpetual Eucharistic adoration formally begins in which city ? Avignon
25%
1972 – Which city's Rapid Transit system begins passenger service ? San Francisco
25%
1792 – The Hope Diamond is stolen when six men break into the house where it is stored. What is the approximate weight of the diamond ? 45 carats
0%
1944 – World War II: The Western Allied invasion of Germany begins near which city ? Aachen
0%
1919 – The United States Marine Corps invades which country ? Honduras
0%
1609 – Henry Hudson discovers which island and the indigenous people living there ? Manhattan Island
0%
1922 – The Sun News-Pictorial is founded in which Australian city ? Melbourne
0%
2012 – A total of 315 people are killed in two garment factory fires in which country ? Pakistan
0%
No matching quizzes found
Score Distribution
Percent of People with Each Score
Percentile by Number Answered
Your Score History
You have not taken this quiz